Ricostruisci la Carriera del Calciatore - Shinji Kagawa - Statistics

Statistiche generali
  • Questo quiz è stato fatto 4 volte
  • Il punteggio medio è 2 su 9
Statistiche sulle risposte
Hint Risposta % Corretto
2023- Cerezo Osaka
75%
2010-2012 Borussia Dortmund
25%
2006-2010 Cerezo Osaka
25%
2012-2014 Manchester Utd
25%
2019-2020 Real Saragozza
25%
2022-2023 Sint-Truiden
25%
2019 Beşiktaş
0%
2014-2019 Borussia Dortmund
0%
2021-2022 PAOK
0%
Nessun quiz corrispondente trovato
Distribuzione punteggi
Percentuale di utenti per punteggio
Percentile per numero di risposta
I tuoi punteggi nel tempo
Non hai fatto questo quiz